|
|
|
|
| LEADER |
00000nab a2200000 a 4500 |
| 001 |
vtls001503186 |
| 003 |
SK-MaSNL |
| 005 |
20260303210735.0 |
| 008 |
140716c1997 xo | | 000 b cze| |
| 035 |
|
|
|a SPKCL5513
|
| 040 |
|
|
|a SPKCL
|b slo
|c SNKBUCL
|d ÚIP-SPK(BH)
|e AACR2
|
| 041 |
|
|
|a cze
|
| 044 |
|
|
|a xo
|c SK
|
| 080 |
|
|
|a 374:379.8:379.8.092.3
|2 1981
|
| 100 |
1 |
|
|a Hofbauer, Břetislav,
|d 1925-2007
|4 aut
|9 216269
|
| 245 |
1 |
0 |
|a Volný čas - čas možností, nadějí a rizik
|c Břetislav Hofbauer
|
| 520 |
|
|
|a Význam voľného času pre deti a mládež. Voľnočasové aktivoty u nás a v Európe. Nedostatky v realizácii voľnočasových aktivít. Negatívne javy spoločnosti a ich dopad na mládež. Východiská pre budúcnosť
|
| 650 |
0 |
7 |
|a mládež
|2 SNKPH
|9 1575
|
| 650 |
0 |
7 |
|a voľný čas
|2 SNKPH
|9 3355
|
| 650 |
0 |
7 |
|a voľnočasové aktivity
|2 SNKPH
|9 71413
|
| 773 |
1 |
|
|t Vychovávateľ
|g Roč. 42, č. 1-2 (1997) s. 5-8
|
| 850 |
|
|
|a Slovenská pedagogická knižnica Bratislava
|
| 852 |
|
|
|a SPKCL
|b KIS3GCP
|b 000710000
|n SK
|
| 999 |
|
|
|c 2201469
|d 2203399
|